| 000 | 01057cam a22002655a 4500 | ||
|---|---|---|---|
| 001 | 18788033 | ||
| 005 | 20161214145812.0 | ||
| 008 | 150918s2015 enka frb 001 0 eng d | ||
| 020 | _a9780128003473 | ||
| 040 |
_aNhCcYBP _beng _cYUS _dOCLCO _dYDXCP _dDGU _dBTCTA _dKSG _dOCLCF _dOCLCQ _dOCL _dDLC _dEG-ScBUE |
||
| 082 | 0 | 4 |
_222 _a338.927 _bSUS |
| 245 | 0 | 0 |
_aSustainable economic development : _bresources, environment, and institutions / _cedited by Arsenio M. Balisacan, Ujjayant Chakravorty, Majah-Leah V. Ravago. |
| 260 |
_aOxford ; _aSan Diego : _bAcademic Press / Elsevier, _c2015. |
||
| 300 |
_axxxi, 499 p. : _bill. ; _c24 cm. |
||
| 504 | _aIncludes bibliographical references and index. | ||
| 650 | 7 |
_aSustainable development _xGovernment policy. _2BUEsh |
|
| 650 | 7 |
_aEnvironmental policy. _2BUEsh _93266 |
|
| 650 | 7 |
_aEconomic policy. _2BUEsh _93322 |
|
| 651 | _2BUEsh | ||
| 653 |
_bBUSECO _cDecember2016 |
||
| 700 | 1 |
_aBalisacan, A. M., _eeditor. |
|
| 700 | 1 |
_aChakravorty, Ujjayant, _eeditor. |
|
| 700 | 1 |
_aRavago, Majah-Leah V., _eeditor. |
|
| 942 | _2ddc | ||
| 999 |
_c23571 _d23543 |
||